| 000 | 00688cam a22002293a 4500 | ||
|---|---|---|---|
| 001 | 36238 | ||
| 003 | PGUSA | ||
| 005 | 20140828083801.0 | ||
| 008 | 110527s2011||||xxu|||||s|||||000 | eng d | ||
| 040 |
_aPGUSA _beng |
||
| 042 | _adc | ||
| 100 | 1 |
_aGogol, Nikolai Vasilevich, _d1809-1852 |
|
| 245 | 1 | 4 |
_aThe Mantle and other stories _h[electronic resource] / _cNikolai Vasilevich Gogol |
| 260 |
_bProject Gutenberg, _c2011 |
||
| 506 | _aPublic domain in the USA. | ||
| 516 | _aElectronic text | ||
| 700 | 1 |
_aField, Claud, _d1863-1941 |
|
| 700 | 1 |
_aMérimée, Prosper, _d1803-1870 |
|
| 830 | 0 |
_aProject Gutenberg _v36238 |
|
| 856 | 4 | 0 | _uhttp://www.gutenberg.org/ebooks/36238 |
| 942 | _cEB | ||
| 999 |
_c265493 _d265493 |
||